000 00750cam a2200241 a 4500
001 000020208
005 20200929170320.0
008 710506s2003 nyub 000 1 eng d
020 _a4925080633
040 _aDO-SdBNP
_beng
_cLC
_dBNPHU
041 1 7 _aeng
_hjpn
_2Código de idiomas MARC
082 _a895.613
_bA973n
100 1 _aAyako, Sono.
_942801
245 1 0 _aNo reason for murder /
_cAyako Sono ; traducción Edward Putzar.
260 _aNew York :
_bICG Muse,
_c2003.
300 _a422 p. :
_bmapa ;
_c22 cm.
650 4 _aNovela japonesa
_94300
650 4 _aLiteratura japonesa
_94301
700 1 _aRadford, Edwin,
_d1891-
_etr.
_942802
700 1 _aPutzar, Edward,
_etr.
_942803
910 _aCatalogación derivada / LC
049 _aBNGR
999 _c19715
_d19715